<?xml version="1.0" encoding="UTF-8"?>
<record
    xmlns:xsi="http://www.w3.org/2001/XMLSchema-instance"
    xsi:schemaLocation="http://www.loc.gov/MARC21/slim http://www.loc.gov/standards/marcxml/schema/MARC21slim.xsd"
    xmlns="http://www.loc.gov/MARC21/slim">

  <leader>00411    a2200157   4500</leader>
  <controlfield tag="005">20250411165938.0</controlfield>
  <datafield tag="020" ind1=" " ind2=" ">
    <subfield code="a">0-07-041640-0</subfield>
  </datafield>
  <datafield tag="082" ind1=" " ind2=" ">
    <subfield code="a">657  MEI</subfield>
  </datafield>
  <datafield tag="100" ind1=" " ind2=" ">
    <subfield code="a">MEIGS, W . B .</subfield>
  </datafield>
  <datafield tag="245" ind1=" " ind2=" ">
    <subfield code="a">Accounting : The Basis for Business  Decisions</subfield>
  </datafield>
  <datafield tag="250" ind1=" " ind2=" ">
    <subfield code="a">7th Ed.</subfield>
  </datafield>
  <datafield tag="260" ind1=" " ind2=" ">
    <subfield code="a">New York,</subfield>
    <subfield code="b">McGraw Hill,</subfield>
    <subfield code="c">1987.</subfield>
  </datafield>
  <datafield tag="300" ind1=" " ind2=" ">
    <subfield code="a">xxiii, 1059p.:  ill.;</subfield>
    <subfield code="b">index,</subfield>
    <subfield code="c">26cm.</subfield>
  </datafield>
  <datafield tag="700" ind1=" " ind2=" ">
    <subfield code="a">MEIGS, R . F .</subfield>
  </datafield>
  <datafield tag="942" ind1=" " ind2=" ">
    <subfield code="2">ddc</subfield>
    <subfield code="c">BKS</subfield>
  </datafield>
  <datafield tag="999" ind1=" " ind2=" ">
    <subfield code="c">1336</subfield>
    <subfield code="d">1336</subfield>
  </datafield>
  <datafield tag="952" ind1=" " ind2=" ">
    <subfield code="r">2025-04-11 17:01:15</subfield>
    <subfield code="l">0</subfield>
    <subfield code="o">657 MEI</subfield>
    <subfield code="p">0000005090</subfield>
    <subfield code="v">30000.00</subfield>
    <subfield code="w">2025-04-11</subfield>
    <subfield code="y">BKS</subfield>
    <subfield code="1">0</subfield>
    <subfield code="2">ddc</subfield>
    <subfield code="4">0</subfield>
    <subfield code="7">0</subfield>
    <subfield code="0">0</subfield>
    <subfield code="a">CBEML</subfield>
    <subfield code="b">CBEML</subfield>
    <subfield code="c">GEN</subfield>
    <subfield code="d">2025-04-11</subfield>
    <subfield code="g">10000.00</subfield>
  </datafield>
  <datafield tag="952" ind1=" " ind2=" ">
    <subfield code="r">2025-06-27 12:28:32</subfield>
    <subfield code="l">0</subfield>
    <subfield code="o">657MEI</subfield>
    <subfield code="p">DOM000438</subfield>
    <subfield code="v">30000.00</subfield>
    <subfield code="w">2025-06-27</subfield>
    <subfield code="y">BKS</subfield>
    <subfield code="1">0</subfield>
    <subfield code="2">ddc</subfield>
    <subfield code="4">0</subfield>
    <subfield code="7">0</subfield>
    <subfield code="0">0</subfield>
    <subfield code="a">004</subfield>
    <subfield code="b">004</subfield>
    <subfield code="c">GEN</subfield>
    <subfield code="d">2025-04-11</subfield>
    <subfield code="g">10000.00</subfield>
  </datafield>
  <datafield tag="952" ind1=" " ind2=" ">
    <subfield code="r">2025-06-27 12:30:39</subfield>
    <subfield code="l">0</subfield>
    <subfield code="o">657MEI</subfield>
    <subfield code="p">DOM000570</subfield>
    <subfield code="v">30000.00</subfield>
    <subfield code="w">2025-06-27</subfield>
    <subfield code="y">BKS</subfield>
    <subfield code="1">0</subfield>
    <subfield code="2">ddc</subfield>
    <subfield code="4">0</subfield>
    <subfield code="7">0</subfield>
    <subfield code="0">0</subfield>
    <subfield code="a">004</subfield>
    <subfield code="b">004</subfield>
    <subfield code="c">GEN</subfield>
    <subfield code="d">2025-04-11</subfield>
    <subfield code="g">10000.00</subfield>
  </datafield>
  <datafield tag="952" ind1=" " ind2=" ">
    <subfield code="r">2025-06-27 12:31:35</subfield>
    <subfield code="l">0</subfield>
    <subfield code="o">657MEI</subfield>
    <subfield code="p">DOM000576</subfield>
    <subfield code="v">30000.00</subfield>
    <subfield code="w">2025-06-27</subfield>
    <subfield code="y">BKS</subfield>
    <subfield code="1">0</subfield>
    <subfield code="2">ddc</subfield>
    <subfield code="4">0</subfield>
    <subfield code="7">0</subfield>
    <subfield code="0">0</subfield>
    <subfield code="a">004</subfield>
    <subfield code="b">004</subfield>
    <subfield code="c">GEN</subfield>
    <subfield code="d">2025-04-11</subfield>
    <subfield code="g">10000.00</subfield>
  </datafield>
</record>
